000 00896nam a2200241 i 4500
001 169886
003 ES-MaACL
005 20251014063249.0
008 081216s1960 sp |||| | spa d
017 _aM 12.827-1960
080 _a321(042)
100 1 _aOrs, Álvaro d',
_d1915-2004
_9139081
245 1 0 _aForma de gobierno y legitimidad familiar /
_cÁlvaro d'Ors.
260 _aMadrid :
_bAteneo,
_c1960 (
_fBolaños y Aguilar)
300 _a41 p., [2] h. ;
_c19 cm.
490 1 _aO crece o muere ;
_v153
500 _a"Este trabajo fue dado a conocer por su autor en la conferencia pronunciada en el Colegio Mayor "Padre Poveda", de Madrid, el día 29 de enero de 1959"
650 0 4 _aRegímenes políticos.
_916743
710 2 _aAteneo de Madrid.
_91875
830 0 0 _aColección "O crece o muere"
_v153
_9183476
852 4 _aES-MaACL
_j2243-F-19
999 _c169886
_d169886